000 01155njm a22002897a 4500
005 20100901115333.0
006 a|||||r|||||00| 0
007 sd ammalaaahaa
008 100901t xxu||||| |||| 00| 0 eng d
028 _a7EPE 7165
_bHis Master's Voice
035 _aGR-02578
040 _aSED
_cSED
100 _aMangeshkar, Lata
_917891
245 _aPaapi /
_cby Lata Mangeshkar ; music by Bappi Lahiri ; lyrices by Kulwant Jani
_h[Sound recording]
246 _aपापी / लता मंगेशकर
260 _aDUM DUM, India
_bHis Master's Voice
_c1975
300 _a1 Sound disc [Gramophone Recording] :
_banalog, 33 1/3 rpm
_c7 in. (SP)
_fGramophone Record
500 _aBrief record
500 _aRecord Labels : His Master's Voice,Red
505 _aSide-1 आ जाने जा (Aa jane ja) --Side-2 श्याम जले (Shyam jale) (Lata Mangeshkar)
600 _2Mangeshkar, Lata
650 _aFilm songs
_xExcerpts
_zIndia
_917892
700 _920136
_aLahiri, Bappi
700 _aJain, Kulwant
_920147
942 _2ddc
_cGR
999 _c45904
_d45904